| 000 | 01038nam a2200217 i 4500 | ||
|---|---|---|---|
| 001 | 38860 | ||
| 003 | ES-MaACL | ||
| 005 | 20251115063231.0 | ||
| 007 | t| | ||
| 008 | 030226s1864 fr ||||1| spa d | ||
| 100 | 1 |
_aCalvo, Carlos, _d1822-1906 _9158157 |
|
| 245 | 1 | 0 |
_aAnales históricos de la revolución de la América Latina, acompañados de los documentos en su apoyo : _bdesde el año 1808 hasta el reconocimiento de la independencia de ese extenso continente. |
| 260 |
_aParis : _b[s.n.], _c1864 ( _eBesanzon : _fJ. Jacquin) |
||
| 300 |
_a3 v. ; _c23 cm. |
||
| 500 | _a"Esta obra sirve de segundo período a la "Colección histórica de los tratados de la América Latina" del mismo autor"--Verso de portada del v. 4. | ||
| 530 | _aDisponible en formato digital. | ||
| 651 | 4 |
_aAmérica española- _xHistoria- _y1806-1830, Guerras de la Independencia. _97726 |
|
| 852 |
_aES-MaACL _jF-14456-58 |
||
| 856 |
_uhttp://bdh-rd.bne.es/viewer.vm?id=0000040105&page=1 _zBiblioteca Digital Hispánica |
||
| 999 |
_c38860 _d38860 |
||